Вела (Запис номер 134766)
[ съкратено ]
| 000 -Лидер | |
|---|---|
| Контролно поле с фиксирана дължина | 01133nam a2200325 c 4500 |
| 003 - Код на организацията, давaща контролен номер | |
| Контролно поле | BLK |
| 005 - Дата и час на последна редакция | |
| Контролно поле | 20241114005504.0 |
| 008 - Елементи от данни с фиксирана дължина | |
| fixed length control field | 180409b bul|||||r ||||||| ||bul|| |
| 010 ## - Наследен системен номер | |
| LC control number | KNG00140683000 |
| 040 ## - Източник на каталожния запис | |
| Идентификатор на билиотеката - собственик на записа | BLK |
| 041 ## - Код за език | |
| Код за езика на текст/звукозапис или на отделно заглавие | Български |
| Код за езика КДБФ | Български |
| 080 ## - УДК | |
| Текстов определител УДК | Българска литература |
| УДК код - определител по УДК | 821.163.2 |
| УДК определител | -1 |
| УДК - код + определител | 821.163.2-1 |
| 100 ## - Редна дума - Автор | |
| Автор | Габе, Дора Петрова |
| Автор - информация (биография) | Поетеса и писателка. Преводачка от полски език. |
| Дати, свързани с автора | 1886-1983 |
| Пълна форма на името | Габе, Изидора Петрова |
| R(LIN) | 369524 |
| 139 ## - Редно поле | |
| Редна дума | Габе, Дора Петрова |
| Авторски знак | Габ - Г 13 |
| 245 10 - Сведения за заглавието | |
| Заглавие | Вела |
| Подзаглавни данни | Поема |
| Редно поле (дума) | Дора Габе. |
| 250 ## - Област на изданието | |
| Сведения за изданието | 2. прераб. и доп. изд. |
| 257 ## - Страна на издаване | |
| Страна на създаване/издаване | България |
| 260 ## - Област на издателските данни | |
| Място на издаване, разпространение и проч. | София |
| Име на издателя, разпространителя и проч. | Бълг. писател |
| Година на издаване | 1952 |
| 300 ## - Физическа характеристика | |
| Страници | 84 с. |
| Размери/Мащаб | 25 см |
| 380 ## - Жанр | |
| Жанр | Худож. лит. |
| 500 ## - Общи забележки | |
| Забележка | 1. изд. 1946. - 3 100 тир. |
| 653 ## - Ключова дума – ненормативна | |
| Ключова дума | Вела Благоева |
| 852 ## - Местоположение | |
| Форматна сигнатура | Цб 315 |
| 856 4# - Електронен адрес и достъп | |
| Електронен формат | pdf - файл |
| 856 4# - Електронен адрес и достъп | |
| Електронен формат | pdf - файл |
| 999 ## - СИСТЕМНИ КОНТРОЛНИ НОМЕРА | |
| Koha biblionumber | 134766 |
| Koha biblioitemnumber | 134766 |
| 942 ## - АРТИКУЛИ | |
| Вид на библиотечния материал | Книги |
| Скрит в OPAC | Не |
| Koha issues (borrowed), all copies | 1 |
| Периодичен библиозапис | Да |
| 944 ## - СЪЗДАВАНЕ И РЕДАКЦИЯ на ЗАПИСА | |
| Създаване/Редакция | Създаване |
| Дата на регистрацията/редакция | 13.03.2013 |
| Статус, дата на статуса | CRON CRON |
| Служител, извършил регистрацията/редакцията | |
| 944 ## - СЪЗДАВАНЕ И РЕДАКЦИЯ на ЗАПИСА | |
| Създаване/Редакция | Редакция |
| Дата на регистрацията/редакция | 13.03.2013 |
| Статус, дата на статуса | 13.03.2013 - от С1,Р / 13.03.2013 |
| 999 ## - СИСТЕМНИ КОНТРОЛНИ НОМЕРА | |
| Koha biblioitemnumber | 134766 |
| Код за отписване | Код за изгубен артикул | Източник на класификационната схема | Код за повреда | Коз за рестрикции | Код за отдаване | Артикулен № | Име на библиотеката - собственик | Име на библиотеката, в която се намира в момента | Статус (Текущо местоположение) | Дата на вписване в системата | Местоположение - отдел | Цена в лева | Инвентарен номер | Систематично азбучна сигнатура | Баркод | Номер на екземпляра | Цена в евро | Служебна бележка | Служебен тип на артикула |
|---|---|---|---|---|---|---|---|---|---|---|---|---|---|---|---|---|---|---|---|
| Не е изгубен | Universal Decimal Classification | Не е повреден | само за читалня | ползва се в читалня | 220344 | Регионална библиотека "Любен Каравелов" Русе | Регионална библиотека "Любен Каравелов" Русе | Хранилище | 1952-01-01 | Основен фонд - ползва се само за читалня | 0.55 | 1554/53 | Цб 315 | 900000048934 | 1 | 0.28 | N: стар фонд Дата: 01.01.1952 | Книги | |
| Изтеглен | Не е изгубен | Universal Decimal Classification | Не е повреден | без рестрикции | заемане за дома | 220345 | Регионална библиотека "Любен Каравелов" Русе | Регионална библиотека "Любен Каравелов" Русе | Заемна - подръчен фонд | 1952-01-01 | Заемна - подръчен фонд | 0.00 | 1553/53 | П 886.7-1/Г 13 | 1553/53 | 2 | 0.00 | N: стар фонд Дата: 01.01.1952 | Книги |